Vista normal
Vista MARC
Entrada Personal Name
Número de registros utilizados en: 1
001 - CONTROL NUMBER
- control field: 8478
003 - CONTROL NUMBER IDENTIFIER
- control field: DLC
005 - DATE AND TIME OF LATEST TRANSACTION
- control field: 20210121115704.0
008 - FIXED-LENGTH DATA ELEMENTS
- fixed length control field: 861231n| acannaabn |n aaa
010 ## - LIBRARY OF CONGRESS CONTROL NUMBER
- LC control number: n 85248752
035 ## - SYSTEM CONTROL NUMBER
- System control number: (OCoLC)oca01752505
040 ## - CATALOGING SOURCE
- Original cataloging agency: DNLM
- Language of cataloging: spa
- Transcribing agency: Mx-PuUPA
- Modifying agency: OCoLC
- Modifying agency: Mx-PuUPA
- Description conventions: rda
100 1# - HEADING--PERSONAL NAME
- Personal name: Donoff, R. Bruce,
370 ## - ASSOCIATED PLACE
- Place of birth: New York City
372 ## - FIELD OF ACTIVITY
- Field of activity: Investigación en la especialidad de cirugía oral y maxilofacial con interés en la cicatrización de heridas, supervivencia de injertos óseos
373 ## - ASSOCIATED GROUP
- Associated group: Escuela de Medicina Dental de Harvard
- Associated group: Facultad de Medicina de Harvard
- Associated group: Departamento de Cirugía Oral y Maxilofacial del Hospital General de Massachusetts
374 ## - OCCUPATION
- Occupation: Autor
375 ## - GENDER
- Gender: hombre
377 ## - ASSOCIATED LANGUAGE
- Language code: spa
670 ## - SOURCE DATA FOUND
- Source citation: Massachusetts General Hospital manual of oral and maxillofacial surgery, 1987:
- Information found: CIP t.p. (R. Bruce Donoff, D.M.D., M.D.; prof. and chairman, Dept. of Oral and Maxillofacial Surg., Harvard Sch. of Dental Med., chief of service, Dept. of Oral and Maxillofacial Surg., Mass. Gen. Hosp., Boston)
670 ## - SOURCE DATA FOUND
- Source citation: Biblioteca del congreso (Estados Unidos), 23 noviembre 2018:
- Information found: catálogo electrónico
- Uniform Resource Identifier: https://goo.gl/Cq7nLG